Biopotraviny - marketingové aspekty bakalárska práca

Salvato in:
Dettagli Bibliografici
Autore principale: Tonhajzerová, Jana
Ente Autore: Podnikovohospodárska fakulta EU so sídlom v Košiciach. Katedra marketingu a obchodu
Altri autori: Gajdoš, Jozef, 1962-2025
Natura: Libro
Lingua:slovacco
Pubblicazione: Košice 2011
Tags: Aggiungi Tag
Nessun Tag, puoi essere il primo ad aggiungerne!!

MARC

LEADER 00000nbm a2200000 4500
001 0139105
005 20161109111607.5
041 0 |a slo 
044 |a SK 
245 1 0 |a Biopotraviny - marketingové aspekty  |b bakalárska práca  |c Jana Tonhajzerová ; školiteľ: Jozef Gajdoš 
264 1 |a Košice  |c 2011 
300 |a 77 s. 
100 1 |a Tonhajzerová, Jana 
700 1 |a Gajdoš, Jozef, 1962-2025 
710 2 |a Podnikovohospodárska fakulta EU so sídlom v Košiciach. Katedra marketingu a obchodu